00398nam a2200145Ia 4500003000400000005001700004008004100021020002200062041000800084082002200092100001800114245005900132260005200191300000900243OSt20240829142154.0230519s9999 xx 000 0 und d a978-81-847276-4-4 aeng aSO/301/KAU/DB1064 aKaur Varinder aTextbook of Applied Sociology for BSc Nursing Students bVision Health Sciences PublishersaPunjabc2022 a248p